[Event "European Senior Teams 2012"]
[Site "Rogaska Slatina SLO"]
[Date "2012.04.04"]
[Round "9.10"]
[White "Norman,K"]
[Black "Jorgensen,A"]
[Result "1-0"]
[WhiteElo "2175"]
[BlackElo "1991"]

1.Nf3 Nf6 2.c4 g6 3.d4 Bg7 4.g3 O-O 5.Bg2 d6 6.Nc3 c5 7.O-O Nc6 8.d5 Na5
9.Nd2 a6 10.Qc2 Rb8 11.b3 e5 12.Bb2 Ne8 13.e4 b5 14.Nd1 Nb7 15.Ne3 Bh6 16.Rae1 Bd7
17.f4 f6 18.f5 Bxe3+ 19.Rxe3 g5 20.g4 Nc7 21.Bf3 b4 22.Be2 a5 23.Kf2 Kg7
24.h4 h6 25.Rh1 Qe7 26.Reh3 Rh8 27.Qd1 Rbg8 28.R1h2 Nd8 29.Nf1 Nf7 30.Ng3 Ne8
31.Bc1 Kf8 32.Be3 Ng7 33.Qc1 Ke8 34.Rh1 Qd8 35.Kg2 Ke7 36.R1h2 Qb8 37.hxg5 hxg5
38.Rh7 Rxh7 39.Rxh7 Qf8 40.Qh1 Rh8 41.Rxh8 Qxh8 42.Qxh8 Nxh8 43.Nh1 Nf7 44.Nf2 Ne8
45.Nd3 Kd8 46.Nxc5 dxc5 47.Bxc5 Kc7 48.Kf3 Nfd6 49.Be3 Ng7 50.c5 Nb5 51.c6 Bxc6
52.dxc6 Kxc6 53.Bc4 Nc3 54.Bxg5 Ne8 55.Be3 Nxa2 56.g5 fxg5 57.Bxg5 Nc3 58.f6 Nxf6
59.Bxf6 Kd6 60.Bg7 Nb1 61.Bf8+ Kc6 62.Ke3 Nc3 63.Kd3 Nd1 64.Bf7 Nf2+ 65.Kc4 Kb6
66.Bc5+  1-0

[Event "ch-CHN w 2012"]
[Site "Xinghua CHN"]
[Date "2012.04.07"]
[Round "11"]
[White "Ju Wenjun"]
[Black "Gu Xiaobing"]
[Result "1/2-1/2"]
[WhiteElo "2557"]
[BlackElo "2257"]

1.d4 Nf6 2.c4 g6 3.g3 Bg7 4.Bg2 d6 5.Nf3 O-O 6.O-O Nc6 7.Nc3 a6 8.b3 Rb8
9.Bb2 b5 10.cxb5 axb5 11.Rc1 b4 12.Na4 Bd7 13.Ne1 Na5 14.e4 Bxa4 15.bxa4 Nd7
16.Nd3 c5 17.dxc5 Bxb2 18.Nxb2 dxc5 19.e5 e6 20.Qd6 Rb6 21.Qd2 Qc7 22.Nd3 Rfb8
23.Rfd1 c4 24.Nxb4 Rxb4 25.Qxd7 Qxe5 26.Bf1 Qc5 27.Rc3 R4b7 28.Qd6 Qb4 29.Qxb4 Rxb4
30.Rdc1 Rc8 31.a3 Rb6 32.f4 Kg7 33.Kf2 Kf6 34.Ke3 Rbc6 35.Rb1 Nb3 36.Rxc4 Rxc4
37.Bxc4 Rxc4 38.Rxb3 Rxa4  1/2-1/2

[Event "Campomanes Mem GM Open"]
[Site "Bandar Seri Begawan BRU"]
[Date "2012.04.08"]
[Round "2.3"]
[White "Turqueza,M"]
[Black "Dzhumaev,M"]
[Result "0-1"]
[WhiteElo "2273"]
[BlackElo "2494"]

1.d4 d6 2.Nf3 g6 3.c4 Bg7 4.g3 Nf6 5.Bg2 O-O 6.O-O Nc6 7.Nc3 Bf5 8.d5 Na5
9.Nd4 Bd7 10.b3 c5 11.dxc6 bxc6 12.Bb2 Rb8 13.Rb1 Qc8 14.Re1 Bh3 15.Bh1 e5
16.Nf3 Rd8 17.Qc2 Bf5 18.e4 Bg4 19.c5 Bxf3 20.Bxf3 d5 21.exd5 cxd5 22.Rxe5 Qxc5
23.Qd1 Nc6 24.Re1 Ne4 25.Bxe4 dxe4 26.Qc1 Ne5 27.Qe3 Nf3+ 28.Kh1 Qh5 29.h4 Qg4  0-1

[Event "39th La Roda Open"]
[Site "La Roda ESP"]
[Date "2012.04.08"]
[Round "9"]
[White "Navarro Ortiz de Ortuno,B"]
[Black "Paunovic,D"]
[Result "1-0"]
[WhiteElo "2343"]
[BlackElo "2537"]

1.d4 d6 2.Nf3 g6 3.c4 Bg7 4.g3 Nf6 5.Bg2 O-O 6.O-O c6 7.Nc3 Bf5 8.Qb3 Qb6
9.Re1 Qxb3 10.axb3 Na6 11.e4 Bg4 12.Be3 Nb4 13.Rec1 Nd7 14.Ne1 c5 15.d5 Ne5
16.h3 Bd7 17.Bf1 f5 18.f4 Nf7 19.e5 dxe5 20.Bxc5 Na6 21.Bxe7 Rfe8 22.d6 exf4
23.gxf4 Nc5 24.Ra3 Bd4+ 25.Kh1 Be3 26.Rd1 Bxf4 27.Nd5 Ne4 28.Nxf4 Nf2+ 29.Kg1 Nxd1
30.Nc2 Kg7 31.Ra1 Nxd6 32.Bxd6 Ne3 33.Nxe3 Rxe3 34.b4 Bc6 35.b5 Be4 36.Bc5 Rg3+
37.Kh2 Rb3 38.Bd4+ Kh6 39.Bc3 Re8 40.Ne2 Bd3 41.Nd4 Bxf1 42.Rxf1 Rxc3 43.bxc3 Rc8
44.Rf4 Kg5 45.Kg3 Kf6 46.Nb3 a6 47.b6 g5 48.Rd4 h5 49.Na5 Re8 50.Nxb7 Re3+
51.Kf2 Rxc3 52.Nc5 Rc2+ 53.Kf1  1-0

[Event "Campomanes Mem GM Open"]
[Site "Bandar Seri Begawan BRU"]
[Date "2012.04.10"]
[Round "6.5"]
[White "Turqueza,M"]
[Black "Vakhidov,J"]
[Result "1/2-1/2"]
[WhiteElo "2273"]
[BlackElo "2396"]

1.d4 Nf6 2.c4 g6 3.Nf3 Bg7 4.g3 O-O 5.Bg2 d6 6.O-O Bg4 7.b3 Nc6 8.Bb2 Bxf3
9.Bxf3 Nd7 10.Bg2 a5 11.Qd2 e5 12.dxe5 dxe5 13.Nc3 Nc5 14.Nd5 Re8 15.Rfd1 Nd4
16.e3 Nde6 17.Qc2 c6 18.Nf4 Qb6 19.Nxe6 Nxe6 20.Bc3 Qc5 21.Rd7 Rab8 22.Rad1 a4
23.Bf1 axb3 24.axb3 e4 25.b4 Qf5 26.Bxg7 Kxg7 27.Bg2 Ng5 28.h4 Nf3+ 29.Bxf3 Qxf3
30.R1d6 Kg8 31.Qd1 Qf5 32.g4 Qe5 33.Qd4 Qxd4 34.Rxd4 Re6 35.Rc7  1/2-1/2

[Event "Karposh Open 2012"]
[Site "Skopje MKD"]
[Date "2012.04.12"]
[Round "7.37"]
[White "Dobrotka,M"]
[Black "Arizanov,T"]
[Result "1-0"]
[WhiteElo "2259"]
[BlackElo "2108"]

1.d4 Nf6 2.c4 g6 3.g3 Bg7 4.Bg2 d6 5.Nf3 O-O 6.O-O Na6 7.Nc3 c5 8.dxc5 Nxc5
9.Nd4 Rb8 10.h3 a6 11.Be3 Bd7 12.b4 Ne6 13.Qd3 Qc8 14.Nb3 b6 15.Rac1 Bc6
16.Nd5 Bxd5 17.cxd5 Nc7 18.Rc6 Qd7 19.Rfc1 Rfc8 20.Bxb6 Nfe8 21.Qc2  1-0

[Event "IV ch-IberoAmerican GpC"]
[Site "Quito ECU"]
[Date "2012.04.14"]
[Round "1.2"]
[White "Leitao,R"]
[Black "Bravo,Will"]
[Result "1-0"]
[WhiteElo "2623"]
[BlackElo "2251"]

1.d4 Nf6 2.c4 g6 3.Nf3 Bg7 4.g3 O-O 5.Bg2 d6 6.Nc3 Nc6 7.O-O a6 8.b3 Rb8
9.Nd5 e6 10.Nxf6+ Bxf6 11.Bb2 b5 12.Rc1 bxc4 13.Rxc4 Ne7 14.Qc2 Bb7 15.Rc1 c6
16.e4 d5 17.Rc5 Bg7 18.Ne5 f6 19.Nd3 Bc8 20.Re1 Bd7 21.e5 f5 22.Rc3 g5 23.Nc5 Bc8
24.Ba3 Rf7 25.Bf1 Ng6 26.Bxa6 Bxa6 27.Nxa6 Ra8 28.Rxc6 Rfa7 29.Qe2 Rc8 30.Rec1 Rxc6
31.Rxc6 Qa5 32.Bb4  1-0

[Event "IV ch-IberoAmerican GpA"]
[Site "Quito ECU"]
[Date "2012.04.15"]
[Round "2.1"]
[White "Macias Murillo,B"]
[Black "Felgaer,R"]
[Result "1-0"]
[WhiteElo "2382"]
[BlackElo "2564"]

1.c4 g6 2.d4 Bg7 3.Nf3 Nf6 4.g3 O-O 5.Bg2 d6 6.Nc3 Nc6 7.O-O Bf5 8.d5 Na5
9.Nd4 Bd7 10.b3 c5 11.dxc6 bxc6 12.h3 Rb8 13.e4 c5 14.Nde2 Nc6 15.Be3 Ne8
16.Qd2 Nc7 17.Rad1 Ne6 18.Bh6 Ned4 19.Bxg7 Kxg7 20.f4 e5 21.f5 f6 22.g4 g5
23.h4 h6 24.Kf2 Nxe2 25.Nxe2 Nd4 26.Rh1 Qb6 27.Rh3 Rh8 28.Rdh1 Rbg8 29.Bf1 a5
30.Qc3 Qb4 31.hxg5 fxg5 32.Qc1 Be8 33.Rxh6 Rxh6 34.Qxg5+ Rg6 35.Qe7+ Bf7
36.fxg6 Kxg6 37.g5 Kg7 38.Qf6+ Kf8 39.Rh7 Qb7 40.g6  1-0

[Event "World Amateur Championship"]
[Site "Neos Marmaras GRE"]
[Date "2012.04.17"]
[Round "2"]
[White "Pertaia,E"]
[Black "Jeszenszky,Jozsef"]
[Result "0-1"]
[WhiteElo "1954"]
[BlackElo "1800"]

1.d4 Nf6 2.Nf3 g6 3.c4 Bg7 4.g3 O-O 5.Bg2 d6 6.O-O Nc6 7.h3 a6 8.Nc3 Bf5
9.Nh4 Bd7 10.d5 Na5 11.Qd3 c5 12.Nf3 Rb8 13.Rb1 b5 14.Nd2 bxc4 15.Nxc4 Nxc4
16.Qxc4 Qc8 17.Kh2 Rb4 18.Qd3 Qb7 19.e4 Rb8 20.Re1 Ne8 21.Ra1 a5 22.Qc2 a4
23.a3 Rb3 24.Bf1 Qa7 25.Bc4 R3b6 26.Ra2 Nc7 27.Bg5 Kf8 28.Qd2 Nb5 29.Nxb5 Bxb5
30.Bxb5 Rxb5 31.Bh6 Rb3 32.e5 Qb7 33.exd6 exd6 34.Re2 Kg8 35.Bxg7 Kxg7 36.Kg2 Qb5
37.Re7 Qd3 38.Qxd3 Rxd3 39.Ra7 Rxd5 40.Rxa4 Rd2 41.Ra6 d5 42.Rc6 c4 43.Rc5 Kf6
44.Kf3 Rb3+ 45.Kg4 Rd4+ 46.f4 Rdd3  0-1

[Event "TCh-CZE Extraliga 2011-12"]
[Site "Czech Republic CZE"]
[Date "2012.04.21"]
[Round "10.3"]
[White "Trichkov,V"]
[Black "Rasik,V"]
[Result "0-1"]
[WhiteElo "2319"]
[BlackElo "2473"]

1.d4 g6 2.Nf3 Bg7 3.g3 Nf6 4.c4 O-O 5.Bg2 d6 6.Nc3 Nc6 7.d5 Na5 8.b3 c5 9.Bb2 a6
10.Nd2 Rb8 11.Qc2 b5 12.O-O e5 13.dxe6 fxe6 14.Rad1 Bb7 15.Nce4 Nxe4 16.Bxg7 Nxg3
17.Bxf8 Nxe2+ 18.Kh1 Nd4 19.Qc3 Bxg2+ 20.Kxg2 b4 21.Qe3 Qxf8 22.f4 Nac6 23.Ne4 Nf5
24.Qh3 Ncd4 25.Rde1 Re8 26.Kh1 a5 27.Ng5 Re7 28.Rf2 Qa8+ 29.Qg2 Qxg2+ 30.Kxg2 Kg7
31.Kh3 Re8 32.Kg4 a4 33.bxa4 h6 34.Nf3 Ra8 35.Nxd4 Nxd4 36.Kg3 Rxa4 37.Kg2 Ra3
38.Rc1 Kf6 39.Kf1 Kf5 40.Kg2 Re3 41.Kf1 Ra3 42.Kg2 Rd3 43.Kf1 Re3 44.Rg2 Re4
45.Rf2 Nc6 46.Rd1 Nd4 47.a4 bxa3 48.Ra1 Re3 49.Rfa2 Rf3+ 50.Kg2 Rxf4 51.Rf1 Rxf1
52.Kxf1 Nf3 53.Rf2 Ke4 54.Ra2 Kd4 55.Rxa3 Nxh2+ 56.Ke2 Ng4 57.Ra6 Ke5 58.Kf3 h5
59.Ra1 g5 60.Re1+ Kf5  0-1

[Event "TCh-CZE Extraliga 2011-12"]
[Site "Czech Republic CZE"]
[Date "2012.04.22"]
[Round "11.2"]
[White "Bindrich,F"]
[Black "Mudrak,J"]
[Result "1-0"]
[WhiteElo "2548"]
[BlackElo "2368"]

1.Nf3 Nf6 2.c4 d6 3.d4 g6 4.g3 Bg7 5.Bg2 O-O 6.O-O Nc6 7.Nc3 e5 8.dxe5 dxe5
9.Qxd8 Rxd8 10.Bg5 Re8 11.Nd5 Nxd5 12.cxd5 Nb4 13.e4 a5 14.a3 Na6 15.Rac1 Bd7
16.Rfd1 Bf8 17.Bf6 Bd6 18.Nd2 Nc5 19.Rc3 h6 20.Rdc1 b6 21.b4 axb4 22.axb4 Na6
23.Nc4 Bxb4 24.Rb3 Ba4 25.Rbb1 b5 26.Nxe5 Bd2 27.Rf1 Nc5 28.Nc6 Bc2 29.Rxb5 Nxe4
30.Rb2 Nxf6 31.Rxc2 Ba5 32.d6 cxd6 33.Ra1 Bb6 34.Rxa8 Rxa8 35.Ne7+ Kf8 36.Nxg6+ fxg6
37.Bxa8 Ke7 38.Re2+ Kd7 39.Be4 g5 40.Bf5+ Kc6 41.Re6 Bd4 42.Kf1 Be5 43.Re7 Kd5
44.Ke2 Kd4 45.Re6 Kd5 46.Kd3 Ba1 47.Re2 Be5 48.Ra2 Kc5 49.Be6 d5 50.Bf5 Kd6
51.Ra6+ Kc5 52.Re6 Ba1 53.Re1 Bb2 54.Re2 Ba1 55.Ra2 Be5 56.Ra8 Bb2 57.Rh8 h5
58.Ra8 Kd6 59.Ra2 Be5 60.Ra6+ Kc5 61.Re6 Bb2 62.f3 Ba1 63.Bg6 h4 64.gxh4 gxh4
65.Be8 Nxe8 66.Rxe8 Kd6 67.f4 Kd7 68.Re2 Bf6 69.h3 Kd6 70.Re1 Bg7 71.Re8 Kd7
72.Re2 Kd6 73.f5 Be5 74.Re1 Bg7 75.Re6+ Kd7 76.Ke3 Bf8  1-0

[Event "Frauenbundesliga 2011-12"]
[Site "Germany GER"]
[Date "2012.04.22"]
[Round "10.4"]
[White "Goczo,M"]
[Black "Heyme,S"]
[Result "1-0"]
[WhiteElo "2204"]
[BlackElo "2110"]

1.d4 Nf6 2.Nf3 g6 3.c4 Bg7 4.g3 O-O 5.Bg2 d6 6.O-O Nbd7 7.Nc3 c6 8.e4 Qc7
9.h3 a6 10.a4 e5 11.a5 exd4 12.Nxd4 Ne5 13.b3 c5 14.Nc2 Nc6 15.Bf4 Rd8 16.Bg5 Be6
17.Ne3 Re8 18.f4 h6 19.Bh4 Nh7 20.Ncd5 Bxd5 21.Nxd5 Qb8 22.Ra2 g5 23.fxg5 hxg5
24.Bxg5 Nxg5 25.Qh5 Re5 26.Raf2 Qf8 27.Rf5 Rxf5 28.exf5 f6 29.Nc7 Ne5 30.Bd5+ Ngf7
31.Re1 Rc8 32.Ne6 Qe7 33.Rxe5 fxe5 34.Ng5 Bf6 35.Bxf7+ Kg7 36.Qh7+  1-0

[Event "TCh-AUT 2 Ost 2011-12"]
[Site "Bruck AUT"]
[Date "2012.04.29"]
[Round "11"]
[White "Orlovic,V"]
[Black "Gstach,Jakob"]
[Result "0-1"]
[WhiteElo "2071"]
[BlackElo "2043"]

1.d4 Nf6 2.Nf3 g6 3.c4 Bg7 4.g3 O-O 5.Bg2 d6 6.Nc3 Nbd7 7.O-O e5 8.d5 a5
9.e4 Nc5 10.Ne1 Nfd7 11.Be3 f5 12.exf5 gxf5 13.Qd2 f4 14.gxf4 exf4 15.Bxf4 Nb6
16.Bg5 Nxc4 17.Qc1 Qe8 18.Bh6 Qg6 19.Bxg7 Qxg7 20.b3 Ne5 21.Qe3 b6 22.Kh1 Ba6
23.Rg1 Ng4 24.Bf3 Nxe3 25.Rxg7+ Kxg7 26.fxe3 Rae8 27.e4 Rf4 28.Kg2 Re5 29.Kg3 Rf6
30.h4 Rg6+ 31.Kf2 Bc8 32.Rd1 Bg4 33.Rd4 Rh5 34.Ng2 Rf6 35.Ne1 Bxf3 36.Nxf3 Rxh4
37.e5 Rxf3+  0-1

[Event "Nakhchivan Open 2012"]
[Site "Nakhchivan AZE"]
[Date "2012.05.02"]
[Round "5.12"]
[White "Guliev,Sarh"]
[Black "Asgarov,M"]
[Result "0-1"]
[WhiteElo "2498"]
[BlackElo "2257"]

1.d4 Nf6 2.c4 g6 3.Nf3 Bg7 4.g3 O-O 5.Bg2 d6 6.O-O Nc6 7.Nc3 a6 8.d5 Na5
9.Nd2 c5 10.Qc2 Rb8 11.b3 b5 12.Bb2 bxc4 13.bxc4 Bh6 14.f4 Ng4 15.Nd1 Rxb2
16.Qxb2 Bg7 17.Qc1 e5 18.Rb1 exf4 19.Rxf4 Bh6 20.Qc3 Re8 21.e4 f5 22.h3 Nf6
23.Rb8 Bxf4 24.gxf4 Nh5 25.Rxc8 Qxc8 26.Qxa5 Nxf4 27.Qa3 Qd8 28.Bf1 Qg5+
29.Kh2 Nxd5 30.Qd3 Qf4+ 31.Kg1 Nb4 32.Qe2 Nc2 33.Bg2 Nd4 34.Qd3 fxe4 35.Nxe4 Rf8
36.Ndf2 Qc1+ 37.Kh2 Qf4+ 38.Kg1 Kg7 39.a4 Rb8 40.Nd2 Rb2 41.Nfe4 Rc2 42.a5 Rc1+
43.Nf1 Re1 44.Nc3 Rxf1+ 45.Qxf1 Qe3+ 46.Kh2 Qxc3 47.Qf4 Nf5 48.Qe4 Qxa5  0-1

[Event "NK Jeugd A 2012"]
[Site "Haarlem NED"]
[Date "2012.05.04"]
[Round "7.4"]
[White "Maatman,Nick"]
[Black "Van Osch,Mees"]
[Result "1-0"]
[WhiteElo "2068"]
[BlackElo "2013"]

1.d4 d6 2.Nf3 g6 3.c4 Bg7 4.g3 Nf6 5.Bg2 O-O 6.O-O Nc6 7.Nc3 Nd7 8.Be3 e5
9.Rc1 Nb6 10.b3 Bg4 11.dxe5 dxe5 12.h3 Bf5 13.g4 Bc8 14.Qxd8 Nxd8 15.Nb5 Ne6
16.Ng5 Nd4 17.Bxd4 exd4 18.Nxc7 Rb8 19.Rcd1 Rd8 20.Nd5 Bd7 21.Nxb6 axb6 22.Bd5 Be8
23.Nf3 Bc6 24.Nxd4 Bxd5 25.cxd5 Rxd5 26.Nf3 Rbd8 27.Rxd5 Rxd5 28.Rc1 Rc5
29.Rxc5 bxc5 30.Ng5 b5 31.Kf1 Bf8 32.Ke1 f6 33.Ne4 Kf7 34.Kd2 Ke6 35.a4 Ke5
36.a5 Bd6 37.Nxd6 Kxd6 38.g5 f5 39.e3 Kc6 40.Kc3 Kb7 41.b4  1-0

[Event "30th Liechtenstein Open 2012"]
[Site "Triesen LIE"]
[Date "2012.05.11"]
[Round "1.11"]
[White "Colovic,A"]
[Black "Bauder,Her"]
[Result "1-0"]
[WhiteElo "2433"]
[BlackElo "1930"]

1.d4 Nf6 2.c4 g6 3.Nf3 Bg7 4.g3 O-O 5.Bg2 d6 6.Nc3 c5 7.d5 Na6 8.O-O Nc7
9.h3 Rb8 10.a4 b6 11.e4 a6 12.Re1 b5 13.e5 Nfe8 14.Bf4 bxc4 15.Qd2 Rb4 16.Bh6 Bf5
17.Qf4 f6 18.e6 Bd3 19.Bxg7 Nxg7 20.g4 g5 21.Qe3 Qe8 22.Bf1 Qg6 23.Rad1 Bxf1
24.Kxf1 Rxb2 25.Kg2 Rfb8 26.Ne4 R8b3 27.Qc1 c3 28.Re3 Rb1 29.Qc2 R1b2 30.Qc1 Rb1
31.Qc2 R1b2 32.Qc1  1-0

[Event "Open Hradec Kralove 2012"]
[Site "Hradec Kralove CZE"]
[Date "2012.05.16"]
[Round "6"]
[White "Rosko,L"]
[Black "Braun,Mare"]
[Result "1-0"]
[WhiteElo "2321"]
[BlackElo "2167"]

1.d4 Nf6 2.c4 g6 3.Nf3 Bg7 4.g3 O-O 5.Bg2 d6 6.Nc3 Nc6 7.d5 Na5 8.Nd2 c5
9.Qc2 a6 10.O-O Rb8 11.Rb1 b5 12.b3 e5 13.Bb2 Bf5 14.e4 Bd7 15.Ne2 h5 16.Qd3 h4
17.Bc3 b4 18.Ba1 Qe7 19.f4 hxg3 20.hxg3 Ng4 21.Rbe1 Nb7 22.Nf3 Rbe8 23.Nc1 Qd8
24.Qd2 Bh6 25.Nd3 f5 26.Nh2 Nf6 27.Qb2 Bg7 28.fxe5 dxe5 29.exf5 gxf5 30.Rxe5 Nh5
31.Rxe8 Rxe8 32.Qf2 Bxa1 33.Rxa1 Qg5 34.Nf1 Nxg3 35.Qxg3 Qxg3 36.Nxg3 Re3
37.Nh5 Rxd3 38.Nf6+ Kf7 39.Nxd7 Rd2 40.Bh3 f4 41.Rf1 Rxa2 42.Rxf4+ Ke7 43.Rf8 Rb2
44.Rb8 Rxb3 45.Rxb7 Rxh3 46.Nxc5+ Kd6 47.Ne4+ Ke5 48.Nf2 Rc3 49.Rxb4 Ra3
50.Rb6 a5 51.d6 Ra2 52.Nd3+ Kf6 53.d7+ Ke7 54.Rd6  1-0

[Event "ch-CZE 2012"]
[Site "Kouty nad Desnou CZE"]
[Date "2012.05.16"]
[Round "5"]
[White "Kozak,Mi"]
[Black "Folk,P"]
[Result "1/2-1/2"]
[WhiteElo "2216"]
[BlackElo "2244"]

1.d4 Nf6 2.c4 g6 3.g3 Bg7 4.Bg2 O-O 5.Nf3 d6 6.Nc3 Nc6 7.O-O e5 8.dxe5 dxe5
9.Qxd8 Rxd8 10.Bg5 Be6 11.Nd2 h6 12.Bxf6 Rxd2 13.Bxg7 Kxg7 14.Bxc6 bxc6 15.b3 f5
16.Rfd1 Rad8 17.f3 Kf7 18.Kf2 R2d4 19.Ke1 h5 20.Na4 R4d6 21.Nc5 Bc8 22.Nd3 Kf6
23.f4 exf4 24.gxf4 g5 25.fxg5+ Kxg5 26.Kf2 Kf6 27.Rg1 Rd4 28.Rg2 f4 29.Rag1 Bg4
30.h3 f3  1/2-1/2

[Event "Open Hradec Kralove 2012"]
[Site "Hradec Kralove CZE"]
[Date "2012.05.18"]
[Round "8"]
[White "Rosko,L"]
[Black "Meszaros,Lu"]
[Result "1-0"]
[WhiteElo "2321"]
[BlackElo "2152"]

1.d4 Nf6 2.c4 g6 3.Nf3 Bg7 4.g3 O-O 5.Bg2 d6 6.Nc3 Nc6 7.O-O Nd7 8.e4 e5
9.Bg5 f6 10.Be3 h6 11.Qd2 Kh7 12.Rad1 exd4 13.Nxd4 Nde5 14.Qe2 Bg4 15.f3 Nxd4
16.Bxd4 Be6 17.b3 Rf7 18.Qd2 Qf8 19.f4 Nc6 20.f5 Nxd4 21.Qxd4 Bd7 22.Nd5 Rc8
23.Bf3 gxf5 24.exf5 Bc6 25.Nf4 Bxf3 26.Rxf3 Qe8 27.Re3 Qc6 28.Rde1 Qb6 29.Qxb6 axb6
30.Re7 Kg8 31.Rxf7 Kxf7 32.Nd5 c6 33.Nxb6 Rd8 34.Kf2 Bf8 35.g4 d5 36.cxd5 cxd5
37.Rd1 d4 38.Kf3 Bc5 39.Na4 Ba7 40.Rc1 Bb8 41.Nc5 Rc8 42.Nd3 Re8 43.Re1 Rd8
44.Re2 h5 45.h3 hxg4+ 46.hxg4 Rh8 47.Ke4 Re8+ 48.Kf3 Rh8 49.Nf4 Rh1 50.Ne6 Rh3+
51.Ke4 Rg3 52.Kxd4 Rxg4+ 53.Kc5 Ke7 54.Kb6 Rb4+ 55.Ka5 Rh4 56.Nc5+ Be5 57.Nd3 Rh5
58.Rf2 Bc3+ 59.Kb6 Rh4 60.Rf4 Rh2 61.Rc4 Be5 62.a4 Rh3 63.Nc5 Rf3 64.b4 Rxf5
65.Nxb7 Bb8 66.Kc6 Re5 67.Nc5 f5 68.Rh4 Re2 69.Rh8 Bg3 70.a5 f4 71.a6 f3
72.a7  1-0

[Event "e2e4 Amersham Open"]
[Site "Amersham ENG"]
[Date "2012.05.19"]
[Round "3"]
[White "Iyengar,I"]
[Black "Lim,Z"]
[Result "0-1"]
[WhiteElo "2006"]
[BlackElo "2095"]

1.d4 Nf6 2.Nf3 g6 3.c4 Bg7 4.g3 O-O 5.Bg2 d6 6.O-O Nc6 7.Nc3 Rb8 8.d5 Na5
9.Nd2 c5 10.Qc2 Bd7 11.h3 e5 12.e4 a6 13.Kh2 b5 14.b3 Nh5 15.Rb1 Bh6 16.Ne2 Qe7
17.Qc3 Nb7 18.f4 f6 19.Bf3 Ng7 20.Bb2 Nd8 21.Rf2 b4 22.Qd3 Nf7 23.Rg1 a5
24.Bg2 f5 25.exf5 gxf5 26.fxe5 Nxe5 27.Qc2 Be3 28.Rgf1 Rbe8 29.Bxe5 Qxe5
30.Nf3 Qe4 31.Nc1 Bxf2 32.Qxf2 Qe3 33.Qc2 Nh5 34.Re1 Qh6 35.Rg1 Nf6 36.Nd3 Re3
37.Nf4 Rc3 38.Qb2 Re8 39.Re1 Rxe1 40.Nxe1 Qg7 41.Qf2 Qe7 42.Ned3 a4 43.Qb2 Qe3
44.Bf1 Ne4 45.Qg2 axb3 46.axb3 Rxb3 47.Be2 Kf8 48.g4 fxg4 49.Bxg4 Rxd3 50.Nxd3 Qxd3
51.Bxd7 Qd2 52.Qxd2 Nxd2 53.Bf5 h6 54.Kg2 b3 55.Kf2 b2  0-1

[Event "4th Limpedea Cup"]
[Site "Baia Sprie ROU"]
[Date "2012.05.22"]
[Round "2.4"]
[White "Nanu,C"]
[Black "Szabo,Krisz1"]
[Result "1/2-1/2"]
[WhiteElo "2520"]
[BlackElo "2540"]

1.d4 Nf6 2.Nf3 g6 3.c4 Bg7 4.g3 O-O 5.Bg2 d6 6.O-O Nc6 7.Nc3 a6 8.Bf4 Rb8
9.Rc1 Bd7 10.Qd2 b5 11.Nd5 Ne4 12.Qd3 f5 13.cxb5 Rxb5 14.Nc3 Nxc3 15.bxc3 e5
16.dxe5 dxe5 17.Rfd1 Be6 18.Nxe5 Bxe5 19.Bxc6 Qxd3 20.Rxd3 Bxf4 21.gxf4 Rc5
22.Bb7 Rb8 23.Re3 Bc4 24.Bf3 Bxa2 25.Kg2 Bf7 26.Rd1 Re8 27.Red3 Kf8 28.Rb1 a5
29.Rb7 a4 30.Ra7 Bb3 31.h4 h5  1/2-1/2

[Event "50th ch-IND Challengers 2012"]
[Site "Tirupati IND"]
[Date "2012.05.25"]
[Round "10.15"]
[White "Ramnathan,B"]
[Black "Ramnath,B"]
[Result "1-0"]
[WhiteElo "2248"]
[BlackElo "2355"]

1.d4 Nf6 2.c4 g6 3.Nf3 Bg7 4.g3 O-O 5.Bg2 d6 6.Nc3 c6 7.O-O Qb6 8.Qc2 Bg4
9.Be3 Qa6 10.b3 Nbd7 11.Rac1 Rfe8 12.Nh4 e5 13.h3 exd4 14.Bxd4 Be6 15.Rfd1 Qa5
16.Qd2 Qh5 17.Bf3 Qa5 18.Bg2 Qh5 19.Be3 Bf8 20.Bf4 Rad8 21.Bg5 h6 22.Be3 g5
23.Bf3 g4 24.hxg4 Bxg4 25.Kg2 Ne5 26.Rh1 d5 27.cxd5 cxd5 28.Bd4 Bg7 29.Qf4 Qg5
30.Bxg4 Nfxg4 31.Nf5 Bf8 32.f3 Nf6 33.Bxe5 Rxe5 34.Qxe5 Bd6 35.f4  1-0

[Event "Orlova Open 2012"]
[Site "Orlova CZE"]
[Date "2012.05.26"]
[Round "6.8"]
[White "Gazik,I"]
[Black "Zimniok,L"]
[Result "0-1"]
[WhiteElo "2321"]
[BlackElo "2143"]

1.c4 Nf6 2.Nf3 d6 3.g3 g6 4.Bg2 Bg7 5.d4 O-O 6.O-O c5 7.Nc3 Nc6 8.d5 Na5
9.Nd2 Ng4 10.Qc2 a6 11.b3 b5 12.Rb1 Bf5 13.e4 Bd7 14.h3 Nh6 15.Bb2 Rb8 16.Ne2 Bxb2
17.Rxb2 e5 18.dxe6 Bxe6 19.cxb5 axb5 20.e5 Bf5 21.Ne4 Nc6 22.exd6 Bxe4 23.Qxe4 Nd4
24.Nxd4 cxd4 25.Qxd4 Nf5 26.Rd2 Nxd4  0-1

[Event "50th ch-IND Challengers 2012"]
[Site "Tirupati IND"]
[Date "2012.05.28"]
[Round "13.1"]
[White "Debashis,D"]
[Black "Bitan,B"]
[Result "1/2-1/2"]
[WhiteElo "2425"]
[BlackElo "2342"]

1.d4 Nf6 2.c4 g6 3.Nf3 Bg7 4.g3 d6 5.Bg2 O-O 6.O-O Nbd7 7.Nc3 e5 8.e4 exd4
9.Nxd4 Nc5 10.h3 Re8 11.Re1 Bd7 12.Rb1 h6 13.b3 a5 14.Rb2 a4 15.b4 Ne6 16.Ndb5 Qc8
17.Kh2 Qd8 18.Kg1 Qc8 19.Kh2 Qd8 20.Kg1 Qc8 21.Kh2 Qd8 22.Kg1 Qc8 23.Kh2 Qd8
24.Kg1 Qc8 25.Kh2 Qd8 26.Kg1  1/2-1/2

[Event "Albena Masters Open 2012"]
[Site "Albena BUL"]
[Date "2012.06.01"]
[Round "7.4"]
[White "Grigorov,G"]
[Black "Solak,D"]
[Result "1/2-1/2"]
[WhiteElo "2496"]
[BlackElo "2586"]

1.d4 d6 2.Nf3 g6 3.c4 Bg7 4.g3 Nf6 5.Bg2 O-O 6.Nc3 Nbd7 7.O-O e5 8.e4 exd4
9.Nxd4 a6 10.a4 Re8 11.Re1 c6 12.h3 a5 13.Qc2 Nc5 14.Bf4 Nfd7 15.Red1 Ne5
16.b3 h5 17.Be3 Qe7 18.f4 Ned7 19.Bf2 Na6 20.Rd2 Nb4 21.Qd1 Nc5 22.Nde2 f5
23.Bxc5 dxc5 24.e5 Be6  1/2-1/2

[Event "11th TCh-BIH Premier"]
[Site "Jahorina BIH"]
[Date "2012.06.02"]
[Round "1.1"]
[White "Jakovljevic,Vlado"]
[Black "Bejtovic,J"]
[Result "1/2-1/2"]
[WhiteElo "2399"]
[BlackElo "2391"]

1.Nf3 Nf6 2.c4 g6 3.d4 Bg7 4.g3 O-O 5.Bg2 d6 6.Nc3 Nc6 7.O-O a6 8.b3 Rb8
9.Bb2 b5 10.cxb5 axb5 11.Rc1 Bd7 12.d5 Na5 13.b4 Nc4 14.Ba1 e5 15.dxe6 fxe6
16.Nd2 Nxd2 17.Qxd2 Ng4 18.f4 Rb6 19.h3 Nh6 20.e4 Bc6 21.Bb2 Qa8 22.a3 Nf7
23.Nb1 Bxb2 24.Qxb2 Bxe4 25.Rxc7 Bxg2 26.Qxg2 Qxg2+ 27.Kxg2 d5 28.Re1 Ra8
29.Re3 Raa6 30.Nd2 Rc6 31.Rxc6 Rxc6 32.Nb3 Rc2+ 33.Kf3 Ra2 34.Nd4 Nd6 35.Nxe6 Ne4
36.Rd3 Rf2+ 37.Ke3 Ra2 38.Nc7 Nxg3 39.Nxb5 Nf5+ 40.Kf3 Nh4+ 41.Kg4 Nf5 42.Nd4 Rg2+
43.Kf3 Rg3+ 44.Ke2 Nxd4+ 45.Rxd4 Rxa3 46.Rd3 Ra2+ 47.Kd1 Rb2 48.Rd4 Kf7 49.Kc1 Rb3
50.Kc2 Rxh3 51.Rxd5 Ke6 52.Rd4 Ra3 53.b5 Ra5 54.Rb4 Ra7 55.Kc3 Kd5 56.Rc4 Ra1
57.Rd4+ Kc5 58.Rd7  1/2-1/2

[Event "Victory Day 2012"]
[Site "Moscow RUS"]
[Date "2012.06.02"]
[Round "2.5"]
[White "Mozharov,M"]
[Black "Karpov,Va"]
[Result "1-0"]
[WhiteElo "2493"]
[BlackElo "2379"]

1.d4 Nf6 2.c4 g6 3.g3 Bg7 4.Bg2 O-O 5.Nf3 d6 6.O-O Nbd7 7.Nc3 e5 8.e4 a6
9.Re1 Rb8 10.h3 Re8 11.d5 Nh5 12.b4 Bf8 13.Nh2 Be7 14.Ng4 Rf8 15.Kh2 Bg5
16.c5 Kh8 17.c6 bxc6 18.dxc6 Nb6 19.a4 Bxc1 20.Rxc1 Ng7 21.a5 Bxg4 22.Qxg4 Nc8
23.Qe2 Rxb4 24.Qxa6 Ne7 25.Nd5 Nxd5 26.exd5 Qb8 27.Qf1 Qa7 28.a6 Rb6 29.Ra1 Ra8
30.Reb1 Nf5 31.Rxb6 Qxb6 32.Rb1 Qa5 33.Qb5 Qa2 34.Rb2 Qa3 35.Bf1 Kg7 36.Qb4 Qa1
37.Kg2 Rxa6 38.Bxa6 Qxa6 39.Qb3 Nd4 40.Ra2 Qc8 41.Qb1 h5 42.Ra7 Qd8 43.Qe4 Nb3
44.Qh4 Qc8 45.Qe7  1-0

[Event "XXVII Felix Cup 2012"]
[Site "Baile Felix ROU"]
[Date "2012.06.03"]
[Round "4.6"]
[White "Bogdan,Dan"]
[Black "Deac,Bogdan-Daniel"]
[Result "1-0"]
[WhiteElo "2374"]
[BlackElo "1940"]

1.d4 Nf6 2.Nf3 g6 3.g3 Bg7 4.Bg2 O-O 5.c4 d6 6.O-O Nbd7 7.Nc3 e5 8.h3 c6
9.e4 a6 10.a4 Qc7 11.a5 exd4 12.Nxd4 c5 13.Nc2 Ne5 14.Ne3 Be6 15.Ncd5 Bxd5
16.cxd5 Rfe8 17.Qc2 Ned7 18.Bd2 Re7 19.Nc4 Rae8 20.Bf4 Ne5 21.Bxe5 Rxe5 22.Nxe5 Rxe5
23.Ra4 Re8 24.Rd1 Nd7 25.Bf1 Qd8 26.b4 cxb4 27.Rxb4 Nc5 28.Rb6 Rxe4 29.Rxb7 Qxa5
30.Rb8+ Bf8 31.Qb2 Re1 32.Rxe1 Qxe1 33.Ra8 Qd1 34.Qb8 Nd7 35.Qe8 Qxd5 36.Rd8  1-0

[Event "Server24Chess 2012"]
[Site "Val Gardena ITA"]
[Date "2012.06.03"]
[Round "2"]
[White "Viviani,A"]
[Black "Mogranzini,R"]
[Result "0-1"]
[WhiteElo "2094"]
[BlackElo "2461"]

1.d4 Nf6 2.c4 g6 3.Nf3 Bg7 4.g3 O-O 5.Bg2 d6 6.O-O Nc6 7.Nc3 Rb8 8.h3 a6
9.d5 Na5 10.Nd2 c5 11.dxc6 bxc6 12.Qc2 c5 13.b3 Bb7 14.e4 Nc6 15.Bb2 Nd4
16.Qd3 Nd7 17.f4 Bc6 18.Rab1 a5 19.Ne2 Nxe2+ 20.Qxe2 Bxb2 21.Rxb2 a4 22.Qe3 axb3
23.axb3 Ra8 24.Nf3 Ra3 25.f5 Qa5 26.Rff2 Qb4 27.Qg5 f6 28.Qg4 g5 29.h4 Kh8
30.hxg5 Rg8 31.Qh5 Rxb3 32.g6 Nf8 33.Rxb3 Qxb3 34.Kh2 Qe3 35.Rf1 Kg7 36.Re1 hxg6
37.Rxe3 gxh5 38.Ng1 Nd7 39.Ne2 Ne5 40.Rc3 Be8 41.Nf4 Bf7 42.Bf1 Kh6 43.Rb3 h4
44.gxh4 Rg4  0-1

[Event "FSIMB June 2012"]
[Site "Budapest HUN"]
[Date "2012.06.05"]
[Round "4.4"]
[White "Volodin,V"]
[Black "Xu Huahua"]
[Result "1/2-1/2"]
[WhiteElo "2197"]
[BlackElo "2168"]

1.Nf3 Nf6 2.c4 g6 3.d4 Bg7 4.g3 O-O 5.Bg2 d6 6.O-O Nc6 7.Nc3 a6 8.b3 Rb8
9.e3 b5 10.Qe2 bxc4 11.bxc4 Bf5 12.h3 Ne4 13.Nxe4 Bxe4 14.Nd2 Bxg2 15.Kxg2 e5
16.d5 Ne7 17.Rb1 Rxb1 18.Nxb1 f5 19.Qc2 f4 20.exf4 exf4 21.Bxf4 Nf5 22.Qd2 h6
23.Nc3 g5 24.Be3 Qf6 25.Ne4 Nh4+ 26.gxh4 Qf3+ 27.Kg1 Qxe4 28.f4 Rb8 29.Bf2 gxf4
30.Re1 Qxc4 31.Rc1 Qe4 32.Qc2 Qxd5 33.Qxc7 Rb2 34.Qc4 Qxc4 35.Rxc4 f3 36.Rc8+ Kh7
37.Rc7 Rxa2  1/2-1/2